000 00365nam a2200133Ia 4500
008 220217s9999 xx 000 0 und d
245 0 _aBritish Standard: Glossary of rubber terms
260 _aLondon
260 _c1980
_bBritish Standards Institution
490 _aBritish Standards
500 _aStandard number: BS 3558
650 _aRubber terms
942 _cST
999 _c73072
_d73072